000
00196 a2200097 4500
001
7053
100
_a
Tinker, H
245
_a
India and pakistan
260
_a
_b
Frederick
_c
090
_c
5823
_d
5823
942
_a
NUST-CAE
_c
M
_c
32293
999
_c
242126
_d
242126